| 000 | 00420nam a22001697a 4500 | ||
|---|---|---|---|
| 003 | OSt | ||
| 008 | 240323b |||||||| |||| 00| 0 eng d | ||
| 020 | _a9789353065966 | ||
| 082 | _a658.7 | ||
| 100 | _aCHOPRA,Sunil | ||
| 245 | _aSupply Chain Management Strategy, Planning and Operation | ||
| 250 | _a7th Ed | ||
| 260 |
_aNew Delhi _bPearson _c2023 |
||
| 300 | _a562 | ||
| 700 | _aKALRA,Dharm Vir | ||
| 942 |
_2ddc _cREF |
||
| 999 |
_c12256 _d12256 |
||